000 00331nam a2200121Ia 4500
008 180205s9999 xx 000 0 und d
020 _a9781138101364
100 _aKobre, Kenneth
245 _aPhotojournalism :
_bThe professional's approach
250 _a7th ed
260 _aNew york :
_bRoutledge
_c2017
300 _aii, 564 pages
999 _c354925
_d354925